Europe's S' - Statistics

General Stats
  • This quiz has been taken 21 times
  • The average score is 10 of 12
Answer Stats
Hint Answer % Correct
capitals San Marino
95%
San Marino
95%
Slovakia
95%
Switzerland
95%
countries Slovenia
90%
Sweden
90%
Serbia
86%
Stockholm
86%
Spain
71%
Sarajevo
57%
Skopje
52%
Sofia
52%
No matching quizzes found
Score Distribution
Percent of People with Each Score
Percentile by Number Answered
Your Score History
You have not taken this quiz